00780nam a2200205 i 450000100060000000300090000600500170001500700030003200800410003510000290007624501520010525000130025726000460027030000270031665100360034370000320037985200210041199900170043295201250044948398ES-MaACL20230906161738.0t|030819s1860 fr |||| | fre d1 aDaumas, Eugène.94282013aLe grand désert, ou Itinéraire d'une caravane du Sahara au pays des Nègres (royaume de Haoussa) / cpar Eugène Daumas et Ausone de Chancel. a4e éd. aParis : bMichel Lévy Frères, c1860. aXII, 344 p. ; c18 cm. 4aSahara-xDescripción.91373771 aChancel, Ansone de.9171278 aES-MaACLjD-1969 c48398d48398 001040708LIBXIXaATENEOMbATENEOMcSVId2008-01-17eSCl0oD-1969p901050933r2023-02-23 00:00:00w2023-02-23yMONANT